Criminal Law in Maryland: Cases Concepts and Critical Analysis / (Record no. 617227)

000 -LEADER
fixed length control field 00418nam a22001457a 4500
020 ## - INTERNATIONAL STANDARD BOOK NUMBER
Qualifying information PB.
040 ## - CATALOGING SOURCE
Transcribing agency FIZZA ISHAQ
082 ## - DEWEY DECIMAL CLASSIFICATION NUMBER
Classification number 343.094
Author Mark BRO
100 ## - MAIN ENTRY--PERSONAL NAME
Personal name Brown , Robyn.
9 (RLIN) 134248
245 ## - TITLE STATEMENT
Title Criminal Law in Maryland: Cases Concepts and Critical Analysis /
Statement of responsibility, etc. Robyn Brown.
250 ## - EDITION STATEMENT
Edition statement 2nd Ed.
260 ## - PUBLICATION, DISTRIBUTION, ETC.
Place of publication, distribution, etc. New York:
Name of publisher, distributor, etc. Kendall Hunt Publishing,
Date of publication, distribution, etc. 2006.
300 ## - PHYSICAL DESCRIPTION
Extent 170 P. ;
Dimensions 27.5 x 21.3 cm,
942 ## - ADDED ENTRY ELEMENTS (KOHA)
Source of classification or shelving scheme
Koha item type Book
Holdings
Withdrawn status Lost status Source of classification or shelving scheme Damaged status Not for loan Permanent Location Current Location Shelving location Date acquired Total Checkouts Full call number Barcode Date last seen Price effective from Koha item type
          NUST Baluchistan Campus (NBC) NUST Baluchistan Campus (NBC) General Stacks 04/24/2026   343.094 BRO QD-606 04/24/2026 04/24/2026 Book
© 2023 Central Library, National University of Sciences and Technology. All Rights Reserved.